| 000 | 01442nam a22002417a 4500 | ||
|---|---|---|---|
| 001 | 6916 | ||
| 003 | FISKH | ||
| 005 | 20250606113103.0 | ||
| 008 | 250606b cb ||||| |||| 00| 0 eng d | ||
| 040 |
_aFISKH _bkhr _cFISKH _dFISKH |
||
| 082 | _a500 | ||
| 100 | _aKunthy, So | ||
| 245 |
_aវិទ្យាសាស្រ្ត ថ្នាក់ទី ៨ / _cលោក សូ គន្ធី និងលោក ហែម សាលី |
||
| 250 | _aបោះពុម្ពឆ្នាំ២០១៧ | ||
| 260 |
_aភ្នំពេញ : _bគ្រឺះស្ថានបោះពុម្ពនិងចែកផ្សាយ , _c២០១៧ . |
||
| 300 |
_a300 pages : _billustrations ; _c25 cm . |
||
| 520 | _aសៀវភៅនេះមានគោលបំណងដើម្បីអភិវឌ្ឍសមត្ថភាពវិទ្យាសាស្ត្ររបស់សិស្ស និងជួយឱ្យពួកគេអាចប្រើប្រាស់ចំណេះដឹងវិទ្យាសាស្ត្រនៅក្នុងជីវិតប្រចាំថ្ងៃបានយ៉ាងមានប្រសិទ្ធភាព។ | ||
| 520 | _aThis book aims to develop students' scientific skills and help them apply scientific knowledge in daily life effectively. | ||
| 700 |
_aVirak, Hay _eIllustrator |
||
| 700 |
_aCheat, Pan _eIllustrator |
||
| 942 |
_2ddc _cKHB _n0 |
||
| 999 |
_c6916 _d6916 |
||